000 00698nam a22002177a 4500
999 _c153349
_d153349
005 20181218161439.0
010 _aENG-123370
020 _c325.00
_a9789352533190
035 _aEN-106902
037 _bDBAD/PUB
082 _a510
100 _aKhurana, KJS
245 0 0 _aNumerical ability 18 days wonder :
_cby KJS Khurana [and] R Markanday
_ba day-to-day result oriented fully solved course for sure succes in competitive exams / /
250 _a2nd edn.
260 _aNew Delhi
_bS. Chand and Company
_c2018
270 _a7361, Ram Nagar,
_bNew Delhi
_e110055
300 _a422p.
_c24cm(pbk)
_bill.
700 _aR Markanday
942 _2ddc
_cEN
_mKHU
_h510